Statystyki dla Państwa ludniejsze od Polski

Kliknij tutaj aby rozwiązać quiz!

Ogólne statystyki

  • Ten quiz został rozwiązany 14 969 razy
    (10 977 od ostatniego zresetowania)
  • Średni wynik to 24 z 36

Statystyki odpowiedzi

LudnośćOdpowiedź% Poprawnych
1385 mlnChiny
98%
142 mlnRosja
97%
329 mlnStany Zjednoczone
96%
80 mlnNiemcy
94%
67 mlnFrancja
93%
1297 mlnIndie
91%
49 mlnHiszpania
90%
209 mlnBrazylia
89%
126 mlnJaponia
85%
42 mlnUkraina
83%
45 mlnArgentyna
82%
126 mlnMeksyk
81%
65 mlnWielka Brytania
81%
62 mlnWłochy
81%
99 mlnEgipt
76%
55 mlnRepublika Południowej Afryki
73%
81 mlnTurcja
71%
263 mlnIndonezja
66%
203 mlnNigeria
66%
83 mlnIran
64%
51 mlnKorea Południowa
62%
40 mlnIrak
59%
48 mlnKolumbia
57%
208 mlnPakistan
57%
85 mlnDemokratyczna Republika Konga
53%
42 mlnAlgieria
50%
97 mlnWietnam
48%
108 mlnEtiopia
47%
69 mlnTajlandia
47%
159 mlnBangladesz
44%
43 mlnSudan
43%
106 mlnFilipiny
39%
48 mlnKenia
39%
56 mlnMjanma
27%
55 mlnTanzania
27%
41 mlnUganda
17%

Rozkład punktacji

Percentyl według liczby udzielonych odpowiedzi

Procent ludzi z każdym wynikiem

Twoja historia wyników

Nie rozwiązałeś tego quizu od ostatniego zresetowania